Nuclear structure. Volume 2 : nuclear deformations /

Бібліографічні деталі
Автор: Bohr, Aage
Інші автори: Mottelson, Ben R.
Формат: Книга
Мова:English
Опубліковано: Singapore ; River Edge, NJ : World Scientific, c1998 [Reprinted 2008].
Предмети:
Classic Catalogue: View this record in Classic Catalogue
LEADER 01202nam a2200325 a 4500
001 27641
003 BD-DhAAL
005 20251020124225.0
008 131008r19982008si a b 001 0 eng
010 |a  97051929  
020 |a 9810231970 (set) 
020 |a 9789810239800 (vol. 2) 
020 |a 9810239807 
020 |a 9789810231972 
040 |a DLC  |c DLC  |d DLC  |d BD-DhAAL 
050 0 0 |a QC793.3.S8  |b B635 1998 
082 0 0 |a 539.7/4  |2 21 
100 1 |a Bohr, Aage.  |9 3410 
245 1 0 |a Nuclear structure.  |n Volume 2 :  |p nuclear deformations /  |c Aage Bohr, Ben R. Mottelson. 
260 |a Singapore ;  |a River Edge, NJ :  |b World Scientific,  |c c1998 [Reprinted 2008]. 
300 |a xix, 748 pages :  |b illustrations ;  |c 26 cm. 
362 |a Vol. 2 
504 |a Includes bibliographical references (p. 693-730) and index. 
505 0 |a  v. 2. Nuclear deformations. 
541 |e 27641  |a Trim education 
650 0 |a Nuclear structure.  |9 3411 
700 1 |a Mottelson, Ben R.  |9 3412 
942 |2 ddc  |c BK 
999 |c 14058  |d 14058 
952 |0 0  |1 0  |2 ddc  |4 0  |6 539_740000000000000_BOH  |7 0  |9 78392  |a BRACUL  |b BRACUL  |c GEN  |d 2025-10-20  |e Trim Education  |g 9125.00  |l 0  |o 539.74 BOH  |p 3010027641  |r 2025-10-20  |t 1  |v 18250.00  |w 2025-10-20  |y BK